TV Comedy by Scene (UK) Quiz Stats

 Plays Quiz Updated Mar 2, 2016

Also try: TV Comedy by Scene
Challenge
Share
Tweet
Score 0/25 Timer 04:00
1 Play Today
Number TV Show % Correct
5Blackadder
85.2%
17Fawlty Towers
81.9%
9Absolutely Fabulous
75%
19Dad's Army
73.1%
4Red Dwarf
71.6%
22Only Fools and Horses
70.4%
2Monty Python's Flying Circus
66%
23The Inbetweeners
64.3%
16Porridge
64.3%
15Extras
63.4%
11I'm Alan Partridge
60.8%
14One Foot in the Grave
60.7%
1Peep Show
59.5%
Number TV Show % Correct
6Black Books
58.3%
20The Royle Family
56.8%
8Father Ted
55.7%
25The Young Ones
55.7%
21Peter Kay's Phoenix Nights
47%
18Spaced
46%
12The League of Gentlemen
40.2%
7The Fast Show
34.6%
3The Mighty Boosh
31.5%
13The Day Today
16.5%
24Nathan Barley
9%
10Big Train
8.9%

You're not logged in!

Compare scores with friends on all Sporcle quizzes.
Join for Free
OR
Log In

You Might Also Like...

Show Comments

Extras

Top Quizzes Today


Score Distribution

Your Account Isn't Verified!

In order to create a playlist on Sporcle, you need to verify the email address you used during registration. Go to your Sporcle Settings to finish the process.

Report this User

Report this user for behavior that violates our Community Guidelines.

Details: